| 000 | 00784nam a2200217 a 4500 | ||
|---|---|---|---|
| 001 | 000012499 | ||
| 005 | 20250630104809.0 | ||
| 008 | 091113s1998 dr a 000 0 spa d | ||
| 020 | _a8489539774 | ||
| 040 |
_aDO-SdBNP _bspa _cBNPHU |
||
| 082 |
_aRD863.44 _bH731j |
||
| 100 | 1 |
_aHolguín Veras, Miguel A., _d1927-2007 _913921 |
|
| 245 | 1 | 0 |
_aJuro que sabré vengarme... : _bnovela histórica / _cMiguel Holguín-Veras. |
| 260 |
_aSanto Domingo : _bEditora de colores, _c1998. |
||
| 300 |
_a163 p. : _bil. ; _c21 cm. |
||
| 590 | _aInventariado, 2020/BT | ||
| 650 | 0 |
_aNovela histórica dominicana. _9860 |
|
| 650 | 0 |
_aLiteratura dominicana. _967 |
|
| 651 | 0 |
_aREPÚBLICA DOMINICANA _xHISTORIA _yERA DE TRUJILLO, 1930-1961 _xNOVELA _921999 |
|
| 910 | _aValidado. Control de calidad. MMOLINA | ||
| 999 |
_c12154 _d12154 |
||